000 00701nam a2200193 a 4500
003 0
005 20250317093826.0
008 071127s19uu xx 00 eng d
050 _aPGS QK 495.H85.S25
_b.K49 2007
100 _aKim, Ji Hun.
245 _aThe effects of water salinity on the growth of Caroliniana cabomba /
_cJi Hun Kim.
260 _aLas PiƱas City, Philippines :
_bSouthville International School and Colleges,
_c2007.
300 _a37 pages :
_billustrations ;
_c28 cm.
504 _aIncludes bibliographical references.
650 _aSalinity
_vPhysiological effect.
650 _aAquatic plants
_vEffect of salt on.
650 _aCabomba (Plant)
_vGrowth.
942 _2lcc
_cPASS
999 _c97730
_d97730